Obálka Náhled e-knihy:
Epub
Pro půjčování e-knih musíte být přihlášeni.
Jak si půjčit online?

Když na horách svítá /

Román sleduje životy čtyř žen a jejich vzájemné přátelství, které během několika desetiletí procházelo zkouškami.

Uloženo v:
Hlavní autor: Mandausová, Klára, 1968- (Autor)
Médium: E-kniha
Jazyk:Czech
Vydáno: Praha : Ikar, 2025
Vydání:První vydání
Témata:
Tagy:
Žádné tagy
LEADER 02212nam a2200397 i 4500
001 302532
003 CZ PrSKC
005 20260513063241.0
007 ta
008 250516s2025 xr g 000 f cze
015 |a cnb003666846 
020 |a 9788024957111  |q (vázáno) 
035 |a (OCoLC)1527577699 
040 |a ABG001  |b cze  |e rda 
072 7 |a 821.162.3-3  |x Česká próza  |2 Konspekt 
080 |a 821.162.3-31  |2 MRF 
080 |a (0:82-31)-055.2  |2 MRF 
100 1 |a Mandausová, Klára,  |d 1968-  |7 jx20101217009  |4 aut 
245 1 0 |a Když na horách svítá /  |c Klára Mandausová 
250 |a První vydání 
264 1 |a Praha :  |b Ikar,  |c 2025 
300 |a 199 stran ;  |c 21 cm 
336 |a text  |b txt  |2 rdacontent 
337 |a bez média  |b n  |2 rdamedia 
338 |a svazek  |b nc  |2 rdacarrier 
520 2 |a Román sleduje životy čtyř žen a jejich vzájemné přátelství, které během několika desetiletí procházelo zkouškami.  |b Helena, Marie, Eva a Adéla. Čtyři nerozlučné kamarádky. Společné dětství, dospívání i první lásky. Každá je jiná, přesto do sebe zapadají jako dílky puzzle. Nikdy, nic a nikdo je nemá sílu rozdělit. A přece se to stane, když do jejich života vstoupí skrývaná zrada. Mají o ní mlčet a ublížit, nebo přiznat a ublížit stejně? Jejich cesty se na dvacet let rozdělí, aby se protnuly ve chvíli, kdy jde jedné z nich o život. Setkají se znovu jako dospělé ženy, které mají za sebou úspěchy a prohry. Jako ženy, které se učí chápat sílu tajemství. Nakladatelská anotace. 
655 7 |a české romány  |7 fd133974  |2 czenas 
655 7 |a romány pro ženy  |7 fd187897  |2 czenas 
655 9 |a Czech fiction  |2 eczenas 
655 9 |a women's novels  |2 eczenas 
900 |a ABA001  |b 19 
928 9 |a Euromedia Group - Ikar 
044 |a xr 
910 |a RBIT002 
998 |d 418255  |a https://core.palmknihy.cz/api/books/418255/cover?suceg2  |b https://core.palmknihy.cz/api/books/418255/cover/400?suceg2  |c https://core.palmknihy.cz/api/books/418255/cover/50?suceg2  |e 2031-07-16  |g 200  |i 9788024957111  |j https://core.palmknihy.cz/api/books/418255/preview.epub  |l   |q 49  |r 1  |s https://www.palmknihy.cz/kniha/418255  |t ebook  |y 2025  |z 0 
999 |d 302530